000
00311pam a2200133 a 4500
020
_c
041
_h
082
_a
4
100
_a
RAJARAMAN (Dharma)/ RAJARAMAN (V)
_e
author
245
_a
Computer Primer
_h
Textual Document
260
_b
Harlow, Addision Wesley -
_c
1990
300
_a
vii, 420
930
_a
1772
999
_c
820986
_d
820986